| 000 -ლიდერი |
| ფიქსირებული სიგრძის საკონტროლო ველი |
01375nam a2200301Ia 4500 |
| 001 - საკონტროლო ნომერი |
| საკონტროლო ველი |
16346 |
| 003 - საკონტროლო ნომრის იდენტიფიკატორი |
| საკონტროლო ველი |
GE_BSU |
| 005 - ბოლო ოპერაციის თარიღი და დრო |
| საკონტროლო ველი |
20200127105524.0 |
| 008 - ფიქსირებული სიგრძის მონაცემთა ელემენტები - ზოგადი ინფორმაცია |
| ფიქსირებული სიგრძის საკონტროლო ველი |
181216s2008||||ge |||||||||||||| ||geo|| |
| 020 ## - წიგნის საერთაშორისო სტანდარტული ნომერი |
| International Standard Book Number |
97899941100093 |
| 040 ## - კატალოგიზაციის წყარო |
| Transcribing agency |
GE_BSU |
| 041 ## - ენის კოდი |
| Language code of text/sound track or separate title |
geo |
| 080 ## - უნივერსალური ათობითი კლასიფიკაციის ინდექსი |
| Universal Decimal Classification number |
347.998.2 გ-12 |
| 100 ## - მთავარი ჩანაწერი - პიროვნების სახელი |
| Personal name |
გაბისონია, იური |
| 9 (RLIN) |
462 |
| 245 ## - ცნობა სათაურის შესახებ |
| Title |
ნაფიც მსაჯულთა, მაგისტრატთა და მომრიგებელი სასამართლოები |
| Remainder of title |
მონოგრაფია / |
| Statement of responsibility, etc |
იური გაბისონია ; რედ. რევაზ გოგშელიძე. |
| 264 ## - წარმოების, გამოცემის, დისტრიბუციის და სხვა ცნობები |
| გამოცემის, წარმოების, დისტრიბუციის... ადგილი |
თბილისი : |
| გამოცემის, წარმოების, დისტრიბუციის... სახელწოდება |
მერიდიანი, |
| გამოცემის, წარმოების, დისტრიბუციის... თარიღი |
2008. |
| 300 ## - ფიზიკური აღწერა |
| Extent |
544გვ.: |
| Other physical details |
სქ; |
| Dimensions |
20 სმ. |
| 500 ## - ზოგადი შენიშვნა |
| General note |
. |
| 504 ## - BIBLIOGRAPHY, ETC. NOTE |
| Bibliography, etc |
ბიბლიოგრ. ტექსტ. შენიშვნ. და გვ. 503-529. |
| 520 ## - SUMMARY, ETC. |
| Summary, etc |
რეზ. რუს. |
| 653 ## - INDEX TERM--UNCONTROLLED |
| Uncontrolled term |
სამართალი |
| 653 ## - INDEX TERM--UNCONTROLLED |
| Uncontrolled term |
ნაფიც მსაჯულთა სასამართლო |
| 653 ## - INDEX TERM--UNCONTROLLED |
| Uncontrolled term |
მაგისტრატთა სასამართლო |
| 653 ## - INDEX TERM--UNCONTROLLED |
| Uncontrolled term |
მომრიგებელი სასამართლო |
| 700 ## - ADDED ENTRY--PERSONAL NAME |
| Personal name |
გოგშელიძე, რევაზ |
| Relator term |
რედქტორი |
| 9 (RLIN) |
3473 |
| 942 ## - ADDED ENTRY ELEMENTS (KOHA) |
| Koha item type |
წიგნი |
| Source of classification or shelving scheme |
|